Canciones y poemas ¿quién será el descubridor? Basados en relatos de Eduardo Galeano, Germán Castro Caicedo, Cronistas de Indias y otros /
Guardado en:
| Hovedforfatter: | |
|---|---|
| Format: | Bog |
| Sprog: | Spanish |
| Udgivet: |
Colombia
Cooperativa La Esperanza ... [y otros]
1992?
|
| Fag: | |
| Tags: |
Tilføj Tag
Ingen Tags, Vær først til at tagge denne postø!
|
MARC
| LEADER | 00000nam a22000007a 4500 | ||
|---|---|---|---|
| 003 | cru CIDCACS/IIS | ||
| 005 | 20180723154100.0 | ||
| 008 | 180525b1992 CO a|||||||||||0||||spa | | ||
| 999 | |c 41465 |d 41465 | ||
| 040 | |c cru CIDCACS/IIS | ||
| 090 | |a 05.05.03 B737q | ||
| 100 | 1 | |9 7268 |a Borrero Silva, Jaime |e Autor | |
| 245 | 1 | 1 | |a Canciones y poemas ¿quién será el descubridor? |b Basados en relatos de Eduardo Galeano, Germán Castro Caicedo, Cronistas de Indias y otros / |c Jaime Borrero Silva |
| 260 | |a Colombia |b Cooperativa La Esperanza ... [y otros] |c 1992? | ||
| 300 | |a 75 páginas | ||
| 500 | |a Colección Alforja | ||
| 650 | 1 | 7 | |9 4338 |a MUSICA |
| 650 | 1 | 7 | |9 5459 |a POESÍA |
| 650 | 0 | |9 4478 |a DESCUBRIMIENTOS GEOGRÁFICOS | |
| 651 | 1 | 0 | |9 17 |a AMERICA LATINA |
| 942 | |2 ddc |c LI | ||
